ბათუმის შოთა რუსთაველის სახელმწიფო უნივერსიტეტის ბიბლიოთეკა

რჩეული ნაწერები : 4 ტომად. ტ.2 (ბიბ.ჩანაწერი № 50237)

000 -LEADER
fixed length control field 00645nam a2200217Ia 4500
001 - CONTROL NUMBER
control field 17175
003 - CONTROL NUMBER IDENTIFIER
control field GE_BSU
008 - FIXED-LENGTH DATA ELEMENTS--GENERAL INFORMATION
fixed length control field 181216s||||||||xx |||||||||||||| ||und||
040 ## - CATALOGING SOURCE
Transcribing agency GE_BSU
080 ## - UNIVERSAL DECIMAL CLASSIFICATION NUMBER
Universal Decimal Classification number 821.161.1
100 ## - MAIN ENTRY--PERSONAL NAME
Personal name პუშკინი, ა.ს.
245 ## - TITLE STATEMENT
Title რჩეული ნაწერები : 4 ტომად. ტ.2
245 ## - TITLE STATEMENT
Statement of responsibility, etc. რედ. ს. ჩიქოვანი
260 ## - PUBLICATION, DISTRIBUTION, ETC.
Place of publication, distribution, etc. თბილისი
260 ## - PUBLICATION, DISTRIBUTION, ETC.
Name of publisher, distributor, etc. სახელგამი
260 ## - PUBLICATION, DISTRIBUTION, ETC.
Date of publication, distribution, etc. 1949
300 ## - PHYSICAL DESCRIPTION
Extent 320 გვ.23სმ
653 ## - INDEX TERM--UNCONTROLLED
Uncontrolled term მოთხრობა
653 ## - INDEX TERM--UNCONTROLLED
Uncontrolled term რჩეული ნაწერები
942 ## - ADDED ENTRY ELEMENTS (KOHA)
Koha item type წიგნი
ეგზემპლარები
Withdrawn status Lost status Damaged status Not for loan Date acquired Barcode Date last seen Price effective from Koha item type
        2018-12-17 21477 2018-12-17 2018-12-17 წიგნი
        2018-12-17 21478 2018-12-17 2018-12-17 წიგნი